000 00665nam a2200193 a 4500
003 AM-YeHGA
040 _aAM-YeHGA
090 _c443352
005 20250617155846.0
008 180330s1959 ru a||||r|||||000|1|rus||
041 0 _arus
100 1 _aКолосов, Михаил Макарович
245 1 0 _aЗвезда :
_b[Для детей] /
_cМ. Колосов.
260 _aКурск :
_bКурское кн. изд-во,
_c1959.
300 _a261 с. :
_bил. ;
_c21 см.
650 1 4 _aРусская детская литература
653 0 _aДети в Великой Отечественной войне (д. л.)
942 _2udc
_cBK
999 _c440577
_d440577